OUR HARVARD (Record no. 28952)

MARC details
000 -LEADER
fixed length control field 00276nam a22001337a 4500
003 - CONTROL NUMBER IDENTIFIER
control field SGT
020 ## - INTERNATIONAL STANDARD BOOK NUMBER
International Standard Book Number 8187496266
082 ## - DEWEY DECIMAL CLASSIFICATION NUMBER
Classification number 378.7
Item number O82L
100 ## - MAIN ENTRY--PERSONAL NAME
Personal name LANT, JEFFREY L.
245 ## - TITLE STATEMENT
Title OUR HARVARD
260 ## - PUBLICATION, DISTRIBUTION, ETC. (IMPRINT)
Name of publisher, distributor, etc TAPLINGER PUB. COMPANY
Year of Publication 1982
300 ## - PAGE DESCRIPTION
No. of Pages 344
942 ## - ADDED ENTRY ELEMENTS (KOHA)
Source of classification or shelving scheme Dewey Decimal Classification
Koha item type Books
Holdings
Withdrawn status Lost status Source of classification or shelving scheme Damaged status Not for loan Home library Current library Shelving location Date acquired SGTU Total Checkouts Full call number Accession No. (Barcode) Date last seen Bill Date Koha item type
    Dewey Decimal Classification   Not For Loan SGT Chancellor's Library SGT Chancellor's Library Reference Book 14/01/2025 SGTU   378.7 O82L CH1777 14/01/2025 14/01/2025 Books